000 00337nam a22001337a 4500
008 170527b xxu||||| |||| 00| 0 eng d
020 _a0444883177
041 _aeng
080 _a007.52
100 _a27
101 _aIM
245 _aARTIFICIAL INTELLEGENCE AND INFORMATION-CONTROL SYSTEMS OF ROBOTS-89
_cPLANDER, I
942 _2udc
_cBK
999 _c14668
_d14668